[Event "Budapest Noviki-C"]
[Site "Budapest"]
[Date "1990.??.??"]
[Round "8"]
[White "Zauner, L."]
[Black "Beck, Hartmuth"]
[Result "0-1"]
[WhiteElo "2200"]
[BlackElo "2265"]
[PlyCount "50"]
[EventDate "1990.??.??"]
[EventType "tourn"]
[EventRounds "11"]
[EventCountry "HUN"]
[SourceTitle "EXT 1999"]
[Source "ChessBase"]
[SourceDate "1998.11.16"]
[SourceVersion "1"]
[SourceVersionDate "1998.11.16"]
[SourceQuality "1"]

1. Nf3 d6 2. d4 Nf6 3. g3 c6 4. Bg2 Nbd7 5. 0-0 e5 6. dxe5 dxe5 7. b3 Qa5 8. Nfd2 Be7 9. Nc4 Qc7 10. Ba3 Bxa3 11. Nbxa3 0-0 12. Qd6 Qxd6 13. Nxd6 Nb6 14. c4 Ne8 15. Rfd1 Nxd6 16. Rxd6 Be6 17. Rad1 a5 18. Nb1 a4 19. e4 axb3 20. axb3 Ra1 21. Nc3 Ra3 22. Nd5 Nc8 23. Rd8 Rxd8 24. Ne7+ Kf8 25. Rxd8+ Kxe7 0-1